Every french airport with over 100000 passengers a year - Statistics

General Stats
  • This quiz has been taken 19 times
  • The average score is 4 of 52
Answer Stats
IATA code Passenger count Answer % Correct
ORY 33 123k Paris-Orly
100%
CDG 70 290k Paris-Charles de Gaulle
89%
NCE 14 763k Nice-Côte d’azur
39%
BVA 6 557k Paris-Beauvais
28%
CFR 291k Caen
22%
MRS 11 167k Marseille-Provence
17%
CCF 311k Carcassonne
11%
LYS 10 463k Lyon-Saint-Exupéry
11%
PGF 501k Perpignan
11%
BOD 6 593k Bordeaux-Mérignac
6%
CMF 177k Chambéry
6%
CFE 228k Clermont-Ferrand
6%
LIL 1 795k Lille-Lesquin
6%
NTE 7 009k Nantes-Atlantique
6%
SXB 1 231k Strasbourg
6%
TLS 7 844k Toulouse-Blagnac
6%
AJA 1 605k Ajaccio-Napoléon-Bonaparte
0%
MLH 8 914k Bâle-Mulhouse
0%
BIA 1 490k Bastia-Poretta
0%
EGC 246k Bergerac-Dordogne-Périgord
0%
BZR 280k Béziers - Cap d’Agde
0%
BIQ 917k Biarritz-Pays Basque
0%
BOB 385k Bora-Bora
0%
BES 939k Brest-Bretagne
0%
CLY 400k Calvi Sainte-Catherine
0%
CAY 496k Cayenne-F. Éboué
0%
DLE 102k Dole-Jura
0%
DZA 423k Dzaoudzi-M. Henry
0%
FSC 877k Figari Sud Corse
0%
GNB 246k Grenoble-Alpes-Isère
0%
PTP 2 149k Guadeloupe-Maryse Condé
0%
HUH 150k Huahine
0%
RUN 2 712k La Réunion-R. Garros
0%
LRH 294k La Rochelle-Île de Ré
0%
LIF 105k Lifou-Wanaham
0%
LIG 265k Limoges-Bellegarde
0%
FDF 1 875k Martinique A. Césaire
0%
ETZ 105k Metz-Nancy-Lorraine
0%
MPL 1 799k Montpellier-Méditerrannée
0%
FNI 259k Nîmes-Garons
0%
NOU 359k Nouméa - La Tontouta
0%
GEA 278k Nouméa Magenta
0%
PUF 268k Pau-Pyrénées
0%
RFP 302k Raiatea
0%
RGI 133k Rangiroa
0%
RNS 511k Rennes-Saint-Jacques
0%
SBH 203k Saint-Barthélémy
0%
SFG 208k Saint-Martin Grand-Case
0%
PPT 1 666k Tahiti-Faaa
0%
LDE 577k Tarbes-Lourdes-Pyrénées
0%
TLN 292k Toulon-Hyères
0%
TUF 190k Tours-Val de Loire
0%
No matching quizzes found
Score Distribution
Percent of People with Each Score
Percentile by Number Answered
Your Score History
You have not taken this quiz